000
00375nam a2200145Ia 4500
008
230718s9999 xx 000 0 und d
041
_a
Eng.
082
_a
297.64
_b
شاہ-س
100
_a
شاہ معین الدین ندوی
245
0
_a
سیرۃ الصحابہ
260
_a
Pakistan
_b
اسلامی کتب خانہ
_c
2014
300
_a
176
650
_a
Law
999
_c
31122
_d
31122